Hudba - všeobecný prehľad - Statistics

General Stats
  • This quiz has been taken 7 times
  • The average score is 9 of 20
Answer Stats
Otázka Odpoveď % Correct
Z ktorej krajiny pochádzala hudobná skupina The Cranberries? Írsko
100%
Hitmi ktorého speváka sú nasledovné piesne: Treat you Better, Stitches, In My Blood? Shawn Mendes
100%
Ktorá speváča má na svojom konte najviac ocenení Grammy (32)? Beyoncé
80%
Speváčkou a frontmankou ktorej hudobnej skupiny bola Debbie Harry? Blondie
60%
Občianske meno ktorého slávneho speváka je Gordon Matthew Thomas Sumner? Sting
60%
Ktorý album je najpredávanejším hudobným albumom všetkých čias? Thriller
60%
V ktorom roku bol spáchaný atentát na Johna Lennona? 1980
40%
Meno ktorého slávneho astronóma odznie v piesni Bohemian Rhapsody od skupiny Queen? Galileo Galilei
40%
Hru na ktorý hudobný nástroj virtuózne ovládal Yehudi Menuhin? Husle
40%
Doplňte tzv. "svätú trojicu" hudobných skupín heavymetalovej hudby: Deep Purple, Black Sabbath, ......? Led Zeppelin
40%
Ktorý slávny americký jazzový hudobník mal prezývku "Satchmo"? Louis Armstrong
40%
Členmi ktorej hudobnej skupiny sú James Hetfield, Lars Ulrich, Kirk Hammet a Robert Trujillo? Metallica
40%
Frontmanom ktorej hudobnej skupiny je Chad Kroeger? Nickelback
40%
V ako jazyku je naspievaná slávna pieseň Dragostea Din Tei od skupiny O-Zone? Rumunčina
40%
Najväčším hitom ktorej škótskej hudobnej skupiny je pieseň Chasing Cars (2006)? Snow Patrol
40%
Hudba od ktorej hudobnej skupiny dominuje vo filme Horúčka sobotňajšej noci? Bee Gees
20%
Ktorý slávny skladateľ filmovej hudby zložil soundtracky k filmom ako Jurský park, Hviezdne vojny, Sám doma, Čeľuste alebo Schindlerov zoznam? John Williams
20%
Ktorý slávny rapper bol zavraždený 9. marca 1997 pri streľbe na jeho auto? Notorious B.I.G.
20%
Ktorý hudobný skladateľ bol obľúbeným skladateľom Adolfa Hitlera? Je autorom opier ako Bludný Holanďan, Tristan a Izolda alebo Prsteň Nibelungov? Richard Wagner
20%
V ktorom americkom meste vznikol v 80. rokoch štýl alternatívneho rocku známy ako grunge, ktorého predstaviteľom boli skupiny ako Nirvana alebo Pearl Jam? Seattle
20%
No matching quizzes found
Score Distribution
Percent of People with Each Score
Percentile by Number Answered
Your Score History
You have not taken this quiz